| 000 | 00856cam a22002655a 4500 | ||
|---|---|---|---|
| 001 | 017164782 | ||
| 003 | OSt | ||
| 005 | 20160307130904.0 | ||
| 008 | 150414s2014 enka frb 001 0 eng d | ||
| 020 | _a9781138864658 (pbk.) | ||
| 040 |
_aStDuBDS _beng _cStDuBDS _dEG-ScBUE |
||
| 082 | 0 | 4 |
_a302.230722 _222 _bMED |
| 245 | 0 | 0 |
_aMedia history and the archive / _cedited by Craig Robertson. |
| 260 |
_aOxfordshire ; _aNew York : _bRoutledge / Taylor & Francis Group, _c2014. |
||
| 300 |
_a127 p. : _bill. ; _c25 cm. |
||
| 500 | _aOriginally published : 2011. | ||
| 500 | _aIndex : p. 121-127. | ||
| 504 | _aIncludes bibliographical references. | ||
| 650 | 0 |
_aMass media _xHistoriography _xMethodology. _2BUEsh |
|
| 650 | 0 |
_aArchives. _2BUEsh |
|
| 651 | _2BUEsh | ||
| 653 |
_bCOMAME _cMarch2016 |
||
| 700 | 1 |
_aRobertson, Craig, _d1969- _eeditor. |
|
| 942 | _2ddc | ||
| 999 |
_c21332 _d21304 |
||